书目信息 |
| 题名: |
阿尼玛卿的碎羽
|
|
| 作者: | 楞本才让·二毛, 著 | |
| 分册: | ||
| 出版信息: | 北京 民主与建设出版社有限责任公司 2018 |
|
| 页数: | 309页 | |
| 开本: | 24cm | |
| 丛书名: | ||
| 单 册: | ||
| 中图分类: | I227 , I267 | |
| 科图分类: | ||
| 主题词: | 诗集--Shi Ji--中国--当代 , 散文集--San Wen Ji--中国--当代 | |
| 电子资源: | ||
| ISBN: | 978-7-5139-1919-7 | |
| 000 | 01152nam 2200277 450 | |
| 001 | 012001005926 | |
| 005 | 20131014165046.0 | |
| 010 | @a978-7-5139-1919-7@dCNY59.00 | |
| 099 | @aCAL 012018051104 | |
| 100 | @a20180411d2018 em y0chiy50 ea | |
| 101 | 0 | @achi |
| 102 | @aCN@b110000 | |
| 105 | @aa z 000zy | |
| 106 | @ar | |
| 200 | 1 | @a阿尼玛卿的碎羽@AA Ni Ma Qing De Sui Yu@d= The feathers of Anemaqen@f楞本才让·二毛著@zeng |
| 210 | @a北京@c民主与建设出版社有限责任公司@d2018 | |
| 215 | @a309页@c图@d24cm | |
| 330 | @a本书收录了作者楞本才让·二毛八年来创作的纯文学作品,抒写自己对故乡的热爱和对生命的顿悟。全书共有三个部分组成,长诗《西藏的手印》为当今第一部藏族作家创作的汉语长诗,从一个女孩的成长,游走到回归,展示了一个心灵的历程,亲情的意义。散文《私密的胎记》为文化散文,文风清爽,耐人寻味。随笔《混浊的呓语》是诗歌作品。 | |
| 510 | 1 | @aFeathers of Anemaqen@zeng |
| 606 | 0 | @a诗集@AShi Ji@y中国@z当代 |
| 606 | 0 | @a散文集@ASan Wen Ji@y中国@z当代 |
| 690 | @aI227@v5 | |
| 690 | @aI267@v5 | |
| 701 | 0 | @a楞本才让·二毛,@ALeng Ben Cai Rang·Er Mao@f1966-@4著 |
| 801 | 2 | @aCN@b上海新华@c20191020 |
| 905 | @b1098094-8@dI227@e570@f5 | |
| 阿尼玛卿的碎羽= The feathers of Anemaqen/楞本才让·二毛著.-北京:民主与建设出版社有限责任公司,2018 |
| 309页:图;24cm |
| ISBN 978-7-5139-1919-7:CNY59.00 |
| 本书收录了作者楞本才让·二毛八年来创作的纯文学作品,抒写自己对故乡的热爱和对生命的顿悟。全书共有三个部分组成,长诗《西藏的手印》为当今第一部藏族作家创作的汉语长诗,从一个女孩的成长,游走到回归,展示了一个心灵的历程,亲情的意义。散文《私密的胎记》为文化散文,文风清爽,耐人寻味。随笔《混浊的呓语》是诗歌作品。 |
| ● |
| 相关链接 |
|
|
|
|
正题名:阿尼玛卿的碎羽
索取号:I227/570
 
预约/预借
| 序号 | 登录号 | 条形码 | 馆藏地/架位号 | 状态 | 备注 |
| 1 | 1098094 | 210980946 | 第一样本阅览室/ [索取号:I227/570] | 在馆 | |
| 2 | 1098095 | 210980955 | 第二借阅区/ [索取号:I227/570] | 在馆 | |
| 3 | 1098096 | 210980964 | 第二借阅区/ [索取号:I227/570] | 在馆 | |
| 4 | 1098097 | 210980973 | 第二借阅区/ [索取号:I227/570] | 在馆 | |
| 5 | 1098098 | 210980982 | 第二借阅区/ [索取号:I227/570] | 在馆 |